Simplesmente acontece / (Record no. 14)

MARC details
000 -LÍDER
campo de controle de tamanho fixo 02846nam a2200325 4500
001 - NÚMERO DE CONTROLE
campo de controle 14
003 - IDENTIFICADOR DO NÚMERO DE CONTROLE
campo de controle OSt
005 - DATA E HORÁRIO DA ÚLTIMA TRANSAÇÃO
campo de controle 20250528074009.0
008 - CAMPO DE DADOS FIXOS--INFORMAÇÃO GERAL
campo de controle de tamanho fixo 250120b |||||||j |||| 00| 1 eng d
020 ## - ISBN - INTERNATIONAL STANDARD BOOK NUMBER
ISBN - International Standard Book Number 9788581636696
040 ## - FONTE DA CATALOGAÇÃO
Idioma da catalogação por
041 ## - CÓDIGO DE IDIOMA
Código do idioma do original e/ou traduções intermediárias do texto eng
Código do idioma do texto/trilha sonora ou título diferente por
082 ## - CDD - CLASSIFICAÇÃO DECIMAL DE DEWEY
Número de Classificação ir820
Número do exemplar A285s
100 1# - ENTRADA PRINCIPAL--NOME PESSOAL
Nome pessoal Ahern, Cecelia,
Datas associadas ao nome 1981-
9 (RLIN) 24
240 ## - TÍTULO UNIFORME
Título uniforme Where rainbows end
245 ## - TÍTULO
Título Simplesmente acontece /
Indicação de responsabilidade, etc. Ahern, Cecelia ; Tradução de Amanda Moura da Silva Santos e Ivar Panazzolo Junior
260 ## - PUBLICAÇÃO, DISTRIBUIÇÃO, ETC.
Local de publicação, distribuição, etc. São Paulo
Nome do editor, distribuidor, etc. Novo Conceito
Data da publicação, distribuição, etc. 2014
300 ## - DESCRIÇÃO FÍSICA
Extensão 448 p.
520 ## - NOTA DE RESUMO, ETC.
Resumo, etc. Da mesma autora dos best-sellers P.S. Eu Te Amo, O Presente, A Vez da Minha Vida e O Livro do Amanhã.<br/>#O livro que deu origem ao filme com Lily Collins e Sam Clafin com estreia no Brasil programada para janeiro de 2015.<br/># Considerado pelos leitores e crítica um dos melhores livros da autora.<br/>Você acha que é possível existir amizade verdadeira entre um homem e uma mulher?<br/>O que acontece quando duas pessoas que foram feitas uma para a outra simplesmente não conseguem ficar juntas?<br/>Desde crianças, Rosie e Alex viviam juntos. Todo mundo achava que eles tinham nascido para ser um casal. Todo mundo menos eles mesmos. Grandes amigos desde criança, eles se separaram na adolescência, quando Alex se mudou com sua família de Dublin para os Estados Unidos.<br/>Os dois não conseguiram mais se encontrar, mas, através dos anos, a amizade foi mantida através de e-mails, mensagens de textos, cartas, cartões-postais... Ele se tornou um cirurgião renomado... Ela continua correndo atrás do sonho de trabalhar em um hotel luxuoso. Os desencontros, as circunstâncias e uma absurda falta de sorte os mantiveram longe um do outro – até agora.<br/>Mesmo sofrendo com a distância, os dois aprenderam a viver um sem o outro. Só que o destino gosta de se divertir, e já mostrou que a história deles não termina assim, de maneira tão simples.<br/>Resta saber se eles vão ter coragem de apostar tudo, inclusive a própria amizade que os une, num amor para a vida inteira. Que tipo de surpresa o destino reserva para eles desta vez?<br/>Cecelia Ahern nos presenteia com outra de suas histórias de amor mais do que possíveis, mas não por isso menos mágicas... Os personagens de Simplesmente Acontece são cativantes e supercomuns – e é justamente por isso que torcemos tanto para que sejam felizes. As lições deste livro? A vida passa rápido, e alguns erros, mesmo que pareçam bobos, podem carregar você para longe da felicidade.
650 #0 - ASSUNTO--TERMO TÓPICO
Cabeçalho tópico ou nome geográfico Literatura Irlandesa
9 (RLIN) 87
650 #0 - ASSUNTO--TERMO TÓPICO
Cabeçalho tópico ou nome geográfico Drama
9 (RLIN) 18
650 #0 - ASSUNTO--TERMO TÓPICO
Cabeçalho tópico ou nome geográfico Amor e Paixão
9 (RLIN) 25
650 #0 - ASSUNTO--TERMO TÓPICO
Cabeçalho tópico ou nome geográfico Filme
9 (RLIN) 26
650 #0 - ASSUNTO--TERMO TÓPICO
Cabeçalho tópico ou nome geográfico Grandes Amizades
9 (RLIN) 28
655 #0 - TERMO DE ÍNDICE--GÊNERO E FORMA
Gênero/forma/ou termo foco Romance
655 #0 - TERMO DE ÍNDICE--GÊNERO E FORMA
Gênero/forma/ou termo foco Ficção
700 ## - ENTRADA ADICIONADA - NOME PESSOAL
Função do autor por extenso Tradutor
Nome pessoal Amanda Moura da Silva Santos
700 ## - ENTRADA ADICIONADA - NOME PESSOAL
Função do autor por extenso Tradutor
Nome pessoal Ivar Panazzolo Junior
942 ## - ELEMENTOS DE ENTRADA ADICIONADOS (KOHA)
Fonte de classificação ou esquema de arquivamento Classificação decimal de Dewey
Ocultar no OPAC Não
Tipo de material Koha Livros
Holdings
Situação do descarte Situação das perdas Fonte de classificação ou esquema de arquivamento Status danificado Não pode ser emprestado Coleção Biblioteca de origem Biblioteca atual Localização na estante Data de aquisição Fonte de aquisição Total de empréstimos Número de chamada completo Código de barras Data de último acesso Data do preço efetivo Tipo de material Koha
    Classificação decimal de Dewey     Ficção Biblioteca Professor Eduardo Afonso de Castro Biblioteca Professor Eduardo Afonso de Castro Literatura Estrangeira 05.02.2018 doação   ir820 / A285s 2025-15858 20.01.2025 20.01.2025 Livros

Powered by Koha